| 000 | 01016nam a22002657a 4500 | ||
|---|---|---|---|
| 999 |
_c56776 _d56776 |
||
| 003 | BD-DhIDS | ||
| 005 | 20260512145200.0 | ||
| 008 | 220511s2026 bg ||||| |||| 00| 0 eng d | ||
| 040 |
_aBD-DhIDS _bEng _cBD-DhIDS _dBD-DhIDS |
||
| 086 | _aBAN BIDS RR -209 | ||
| 100 | 1 | 0 | _aMozumder, Mohammad Golam Nabi |
| 245 | 1 | 4 |
_aThe Irresistible shift from agriculture to"agri-venture" : _btechnology, habitus, and the looming threat of ecocide / _cMohammad Golam Nabi Mozumder |
| 260 |
_aDhaka: _bBIDS , _c2026 |
||
| 300 |
_a89p.: _bill figs., tables.; _c25 cm. |
||
| 490 |
_aBIDS Research Report _vNo. 209 |
||
| 504 | _aIncludes bibliographical references and index. | ||
| 650 | 0 | 4 |
_aAgriculture _yBangladesh |
| 650 | 0 | 4 |
_aAgri business _zBangladesh |
| 650 | 0 | 4 |
_aAgricultural innovation _xtechnological aspect |
| 650 | 0 | 4 | _aEnvironmental degradation |
| 650 | 0 | 4 | _aEcocide |
| 710 | 2 | _aBangladesh Institute of Development Studies (BIDS) | |
| 856 |
_uhttp://doi.org/10.57138/EYGQ7832 _yRead Full Text |
||
| 942 |
_2BIDSN _cRR |
||